| 000 | 01002nam a22003017a 4500 | ||
|---|---|---|---|
| 003 | CHAP | ||
| 005 | 20220329143834.0 | ||
| 008 | 111129s1972 mx a r 00010 spa d | ||
| 010 | _a102590 | ||
| 011 | _a103562 | ||
| 035 | _a114251 | ||
| 040 | _cCHAP | ||
| 082 | 0 | 4 |
_a333.917252 _bM98 |
| 110 | 1 |
_aMéxico. Secretaría de Recursos Hidráulicos _977210 |
|
| 245 | 1 | 0 |
_aPlan Lago de Texcoco _c/por Secretaría de Recursos Hidraúlicos |
| 260 |
_aMéxico, D.F. : _bSRH, _c1972 |
||
| 300 |
_a64 p. : _bilus. |
||
| 590 |
_aBATCH-UPD _b10 _c20130110 _lUCH01 _h1146 |
||
| 590 |
_aBATCH-UPD _b10 _c20130410 _lUCH01 _h0731 |
||
| 590 |
_aBATCH-UPD _b10 _c20130914 _lUCH01 _h1111 |
||
| 590 |
_aCONVERSION _b10 _c20130109 _lUCH01 _h1356 |
||
| 650 | 1 | 4 |
_aCuenca del Valle de México. _930059 |
| 650 | 1 | 4 |
_aPlan del Lago de Texcoco. _988662 |
| 650 | 1 | 4 |
_aRecursos hidráulicos _xMéxico (Edo.) _995118 |
| 901 | _aBK | ||
| 942 | _cLIBRO | ||
| 949 |
_a333.917252 M98 _bBC _cLIBRO _d33724002314702 _eLIBRO _h116144 _i114251 _si |
||
| 999 |
_c102590 _d102590 |
||